000 00296 a2200145 4500
001 48643
040 _cAnchieta - Bela Vista
100 _aBandeira, Pedro
240 1 0 _aRobin Hood
_lpor
245 1 0 _aRobin Hood
300 _a64
362 0 _a2012
650 4 _aLiteratura juvenil
942 _cBK
999 _c48643
_d48643